000 00579nam a2200229Ia 4500
003 OSt
005 20221005121210.0
006 a|||||r|||| 00| 0
007 ta
008 221004b |||||||| |||| 00| 0 eng d
024 _a66482
037 _cTextual
040 _aCRL
_cCRL
_beng
041 _2eng
_aeng
082 _aV73:2:N5, G6
100 _aWilloughby W.F.
245 0 _aGovernment of modern states
260 _c1936
650 _aUNITED STATES - HISTORY
_931585
942 _hV73:2:N5, G6
_cTEXL
_2cc
999 _c1040438
_d1040438